Analisis del estado de flujo transitorio en tuberias de proyectos hidroelectricos que incluyan bifurcaciones y trifurcaciones
محفوظ في:
| المؤلف الرئيسي: | |
|---|---|
| التنسيق: | أطروحة كتاب |
| اللغة: | Undetermined |
| منشور في: |
2000
|
| الموضوعات: | |
| الوسوم: |
إضافة وسم
لا توجد وسوم, كن أول من يضع وسما على هذه التسجيلة!
|
MARC
| LEADER | 00000nam a2200000Ia 4500 | ||
|---|---|---|---|
| 001 | 8444 | ||
| 008 | 140114s9999 xx 000 0 und d | ||
| 100 | |a Corea Palma, Diego Alonso | ||
| 245 | |a Analisis del estado de flujo transitorio en tuberias de proyectos hidroelectricos que incluyan bifurcaciones y trifurcaciones | ||
| 260 | |c 2000 | ||
| 500 | |a NULL | ||
| 502 | |a Escuela de ingenieria Civil | ||
| 650 | |z FLUJO TRANSITORIO | ||
| 999 | |c 12503 |d 12503 | ||
